| 000 | 01040cab a22002415a 4500 | ||
|---|---|---|---|
| 001 | L160151 | ||
| 008 | 180817e2018 xxk 000 0 eng d | ||
| 035 | _a(Sirsi) u160151 | ||
| 041 | 0 | _aeng | |
| 100 | 1 | _aGosden, Helene | |
| 245 | 0 | 0 |
_aThink again _h[electronic resource] |
| 260 | _c2018 | ||
| 490 |
_aRICS Property Journal _vMay-June 2018, 30(1) |
||
| 520 | _aPart one of two articles looking at redaptive re-use of existing buildings for different functions than originally used for, for example change from offices to residential accommodation. Advantages of re-use are costs, sustainability and bringing back redundant buildings to life. (For Part 2 see L160152) | ||
| 650 | 2 | 4 | _aCONVERSION |
| 650 | 2 | 4 | _aALTERATION |
| 650 | 2 | 4 | _aREGENERATION |
| 651 | 4 |
_aUnited Kingdom _y |
|
| 690 |
_aRefurbishment _96264 |
||
| 690 |
_aSustainability _96271 |
||
| 856 | 4 | 0 |
_uhttps://issuu.com/ricsmodus/docs/property_journal_may-june_2018 _zView the item free of charge from the www.rics.org _yAvailable free online via Issuu |
| 942 | _n0 | ||
| 999 |
_c85179 _d85179 |
||